Príjmy zdaňované zrážkou po 1. januári 2011

Zdaňovanie príjmov zrážkou podľa ZDP od 1.1. 2011. Ilustračné príklady.

Gespeichert in:
Bibliographische Detailangaben
1. Verfasser: Brnová, Miroslava
Format: Buchkapitel
Sprache:Slowakisch
Schlagworte:
Tags: Tag hinzufügen
Keine Tags, Fügen Sie das erste Tag hinzu!

MARC

LEADER 00000naa a2200000 4500
001 0143699
005 20231208084722.1
041 0 |a slo 
044 |a SK 
245 1 0 |a Príjmy zdaňované zrážkou po 1. januári 2011  |c Miroslava Brnová 
520 |a Zdaňovanie príjmov zrážkou podľa ZDP od 1.1. 2011. Ilustračné príklady. 
610 2 0 |a dane z príjmov 
610 2 0 |a Slovensko 
610 2 0 |a príjmy 
610 2 0 |a zdaňovanie 
610 2 0 |a legislatíva 
610 2 0 |a daňovníci 
100 1 |a Brnová, Miroslava